| 000 | 005060000a22001810004500 | ||
|---|---|---|---|
| 001 | 002785 | ||
| 003 | MACL | ||
| 005 | 20150728173542.0 | ||
| 008 | 150728b xxu||||| |||| 00| 0 eng d | ||
| 040 |
_aMACL _cMACL |
||
| 041 | _aEnglish | ||
| 082 | _a330/MEH | ||
| 100 |
_aMehrotra, Santosh _92679 |
||
| 245 |
_aAsian Informal Workers _bGlobal Risks, Local Protection _cSantosh Mehrotra |
||
| 260 |
_aNew Delhi _c2007 _bRoutledge Taylor & Francis Groups, |
||
| 650 |
_aEconomics _92987 |
||
| 942 |
_k330 _cBK _2ddc |
||
| 999 |
_c14694 _d14694 |
||